000 00510nam a2200157 i 4500
001 77190
003 ES-MaACL
005 20230906173118.0
007 t|
008 041007s1955 sp ||||1| spa d
100 1 _aGutiérrez Irizar, José María.
_961165
245 1 3 _aLa naturaleza en Herrera /
_cJose María Gutiérrez Irizar.
260 _aMadrid :
_b[s.n.,
_c1955]
500 _aEs separata de: Revista de Literatura. Fasc. 13-14, Enero-Junio, 1955; pags. 82-98.
852 _aES-MaACL
_j1977-F-7
_bR.37776
999 _c77190
_d77190